000 01383naa a22002777a 4500
001 BR8502438
003 BR-BrBNA
005 20240918175608.0
007 ta
008 230509b bl.||||| |||| 00| 0 por d
040 _aBR-BrBNA
_bpor
_cBiblioteca Nacional de Agricultura
041 _a(Pt)
072 _aP06
090 _aP06 BR8502438
100 1 _aMagalhaes, A.C.N. de
111 1 _aSimposio sobre Energia na Agricultura
_cJaboticabal, SP (Brazil)
_d20-23 Feb 1984
245 1 _aRendimento energetico da fotossintese na producao de biomassas
260 3 _aJaboticabal, SP (Brasil):
_c1985.
500 _aFerreira, M.E.; Pereira, V. de P.; Cruz, M.C.P. da (eds.) Energia na agricultura; tecnologias poupadoras de insumos, integracao de sistemas energeticos, producao de alimentos Jaboticabal, SP (Brasil): 1985. p. 23-30 (BR8502438-AM)P06
650 _aBIOMASSA
650 _aRECURSO ENERGETICO
650 _aPRODUTIVIDADE
773 0 _tEnergia na agricultura; tecnologias poupadoras de insumos, integracao de sistemas energeticos, producao de alimentos
_aFerreira, M.E.; Pereira, V. de P.; Cruz, M.C.P. da (eds.). Universidade Estadual Paulista Julio de Mesquita Filho, Jaboticabal, SP (Brasil). Faculdade de Ciencias Agrarias e Veterinarias
_wP06 BR8502438
_gJaboticabal, SP (Brasil), 1985. p. 23-30
909 _a202404
_bLucia
_c55
_dLucia Elande
942 _cAM
_2AGRIS
999 _c317386
_d317386